Civil Engineering Though Objective Type Questions (Record no. 12033)

MARC details
000 -LEADER
fixed length control field 00436nam a22001817a 4500
003 - CONTROL NUMBER IDENTIFIER
control field OSt
008 - FIXED-LENGTH DATA ELEMENTS--GENERAL INFORMATION
fixed length control field 230511b |||||||| |||| 00| 0 eng d
020 ## - INTERNATIONAL STANDARD BOOK NUMBER
International Standard Book Number 9788123907970
082 ## - DEWEY DECIMAL CLASSIFICATION NUMBER
Classification number 624 GUC
100 ## - MAIN ENTRY--PERSONAL NAME
Personal name GUPTA,SP
245 ## - TITLE STATEMENT
Title Civil Engineering Though Objective Type Questions
250 ## - EDITION STATEMENT
Edition statement 3rd Ed
260 ## - PUBLICATION, DISTRIBUTION, ETC. (IMPRINT)
Place of publication, distribution, etc New delhi
Name of publisher, distributor, etc CBS Pub
Date of publication, distribution, etc 2022
300 ## - PHYSICAL DESCRIPTION
Extent 550
650 ## - SUBJECT ADDED ENTRY--TOPICAL TERM
Topical term or geographic name as entry element Decentralization
700 ## - ADDED ENTRY--PERSONAL NAME
Personal name GUPTA,SS
942 ## - ADDED ENTRY ELEMENTS (KOHA)
Source of classification or shelving scheme Dewey Decimal Classification
Koha item type Reference Books
Holdings
Withdrawn status Lost status Source of classification or shelving scheme Damaged status Not for loan Collection code Home library Current library Date acquired Source of acquisition Currency Cost, normal purchase price Bill Number Total Checkouts Full call number Acc. no. / Barcode Date last seen Actual Cost, discounted price Bill Date Koha item type Public note
    Dewey Decimal Classification     B.Tech(CE) PIET C-LIBRARY PIET C-LIBRARY 15/04/2023 Virendra Book and Stationery IN RUPEES 475.00 3805   624 GUC 34992 11/05/2023 356.25 15/04/2023 Reference Books Decentralization

Design & Developed by: PIET Central Library
R70 Miles Stone Pattikalyana Samalkha Panipat 132102
mail ID :- [email protected], Phone No:- 0180-2569700 Ex.216